Some Comments on the Open Society Politological Issue (from Popper to Soros and Back)

Kľúčové politické, filozofické a čiastočne historické parametre konceptu otvorenej spoločnosti do priestoru súčasnej politickej teórie a praxe. Analýza silných a rizikových aspektov koncepcie otvorenej spoločnosti z hľadiska jej potenciálneho obsahu, berúc do úvahy prierez / oddiel individuálnych di...

Descrizione completa

Salvato in:
Dettagli Bibliografici
Autore principale: Dobiaš, Daniel
Altri autori: Dobiašová, Soňa
Natura: Capitolo di libro
Lingua:inglese
Soggetti:
Tags: Aggiungi Tag
Nessun Tag, puoi essere il primo ad aggiungerne!!

MARC

LEADER 00000naa a2200000 4500
001 0267307
005 20200727101923.8
041 0 |a eng 
044 |a SK 
245 1 0 |a Some Comments on the Open Society Politological Issue (from Popper to Soros and Back)  |c Daniel Dobiaš, Soňa Dobiašová 
520 |a Kľúčové politické, filozofické a čiastočne historické parametre konceptu otvorenej spoločnosti do priestoru súčasnej politickej teórie a praxe. Analýza silných a rizikových aspektov koncepcie otvorenej spoločnosti z hľadiska jej potenciálneho obsahu, berúc do úvahy prierez / oddiel individuálnych diferencovaných záujmov s okolnosťami, systémovými tlakmi alebo ideologickými predsudkami a poskytnutím presných odporúčaní pre plnohodnotnú implementáciu empiricky overiteľnej formy koexistencie. 
610 2 0 |a spoločnosť 
610 2 0 |a racionalita 
610 2 0 |a demokracia 
610 2 0 |a náboženstvo 
610 2 0 |a politika 
100 1 |a Dobiaš, Daniel 
700 1 |a Dobiašová, Soňa